|
|
|
|
| LEADER |
01339nam a2200289 u 4500 |
| 001 |
10114383 |
| 003 |
upatras |
| 005 |
20210117205207.0 |
| 008 |
141023s1969 ja eng |
| 020 |
|
|
|a 0691080771
|
| 040 |
|
|
|a GR-PaULI
|c GR-PaULI
|
| 041 |
0 |
|
|a eng
|
| 082 |
0 |
4 |
|a 516.5
|
| 245 |
1 |
0 |
|a Global analysis
|b papers in honor of K. Kodaira
|c ; edited by D. C. Spencer and S. Iyanaga
|
| 260 |
|
|
|a [Tokyo]
|b University of Tokyo Press
|c 1969
|
| 300 |
|
|
|a 414 σ.
|c 24 εκ.
|
| 504 |
|
|
|a Περιέχει βιβλιογραφικές αναφορές
|
| 650 |
|
4 |
|a Μαθηματική ανάλυση
|9 129
|
| 700 |
1 |
|
|a Kodaira, Kunihiko
|d 1915-
|4 edt
|9 141472
|
| 700 |
1 |
|
|9 103158
|a Spencer, D. C.
|q (Donald Clayton),
|d 1912-2001
|4 edt
|
| 852 |
|
|
|a GR-PaULI
|b ΠΑΤΡΑ
|b ΒΚΠ
|b ΒΣ1
|k ΑΣΧΞ
|h 516.5 GLO
|m 125050
|p 025000040829
|t 1
|
| 852 |
|
|
|a GR-PaULI
|b ΠΑΤΡΑ
|b ΒΚΠ
|b ΒΣ1
|k ΑΣΧΞ
|h 516.5 GLO
|m 125051
|p 025000040828
|t 2
|
| 942 |
|
|
|2 ddc
|c BK15
|
| 952 |
|
|
|0 0
|1 0
|4 0
|6 516_500000000000000_GLO
|7 0
|9 171343
|a LISP
|b LISP
|c BSC
|d 2016-04-24
|i 125050
|l 0
|o 516.5 GLO
|p 025000040829
|r 2016-04-24 00:00:00
|t 1
|w 2016-04-24
|y BK15
|
| 952 |
|
|
|0 0
|1 0
|4 0
|6 516_500000000000000_GLO
|7 0
|9 171344
|a LISP
|b LISP
|c BSC
|d 2016-04-24
|i 125051
|l 0
|o 516.5 GLO
|p 025000040828
|r 2016-04-24 00:00:00
|t 2
|w 2016-04-24
|y BK15
|
| 998 |
|
|
|c ΜΠΟΥΡΑΣ
|d 2014-10
|
| 999 |
|
|
|c 107214
|d 107214
|